[Event "BR OPEN"]
[Site "http://www.queenalice.com/game.php?id=1180078"]
[Date "2013.5.9"]
[Round "2"]
[White "NeeneNY"]
[Black "Neele"]
[Result "0-1"]
[WhiteElo "1486"]
[BlackElo "1136"]

1. e4 d5 2. d3 d4 3. Bf4 c5 4. b3 Qa5+ 5. Nd2 Nc6 6. Nf3 Bg4 7. Be2 e5 8. Bxe5
Nxe5 9. Nxe5 Bxe2 10. Qxe2 Qc3 11. Rc1 Qb2 12. O-O Qxa2 13. Qf3 f6 14. Qf5 fxe5
15. Qxe5+ Kd8 16. f4 Nh6 17. Qd5+ Kc8 18. e5 Qa5 19. Nc4 Qc7 20. Rfe1 Nf5 21.
Qe6+ Qd7 22. Qxd7+ Kxd7 23. Re4 Ne3 24. Nxe3 dxe3 25. Rxe3 Re8 26. Rce1 h5 27.
f5 g5 28. fxg6 Rh6 29. Rg3 h4 30. Rg5 Bg7 31. Rf1 Rxe5 32. Rxe5 Bxe5 33. Rf5
Bd4+ 34. Kf1 Rxg6 35. Rf7+ Kc6 36. Rf4 Rf6 37. Rxf6+ Bxf6 38. c3 Bxc3 39. Kf2 b5
40. g3 hxg3+ 41. hxg3 a5 42. g4 a4 43. Kf3 axb3 44. Kf4 b2 45. d4 Bxd4 46. Kf5
b1=Q+ 47. Kf4 Qd3 48. g5 c4 49. Kg4 c3 50. Kh5 c2 51. g6 c1=Q 52. g7 Qf5+ 53.
Kh4 Bxg7 54. Kg3 Qg1+ 55. Kh4 Qh7# 0-1

[Event "Let's Play Chess!"]
[Site "http://www.queenalice.com/game.php?id=1193367"]
[Date "2013.6.23"]
[Round "-"]
[White "Neele"]
[Black "PatricioKM"]
[Result "0-1"]
[WhiteElo "1189"]
[BlackElo "1634"]

1. d4 d5 2. g3 Nc6 3. b3 Nf6 4. Bg2 Bf5 5. c3 e6 6. e3 a5 7. Na3 e5 8. dxe5 Nxe5
9. c4 dxc4 10. bxc4 Qxd1+ 11. Kxd1 O-O-O+ 12. Bd2 Bxa3 13. Ne2 Bb4 14. Rb1 Bxb1
15. Nd4 Be4 16. f3 Bg6 17. f4 Nxc4 18. Bxb4 Nxe3+ 19. Kd2 Nxg2 20. Rg1 Rxd4+ 21.
Kc3 Rxb4 22. Kd2 Rb2+ 23. Kd1 Rxa2 24. Rxg2 Rxg2 25. Ke1 Rd8 26. Kf1 Be4 27. Ke1
Bf3 28. h4 Rd1# 0-1

[Event "Let's Play Chess!"]
[Site "http://www.queenalice.com/game.php?id=1193627"]
[Date "2013.6.24"]
[Round "-"]
[White "Neele"]
[Black "PatricioKM"]
[Result "0-1"]
[WhiteElo "1166"]
[BlackElo "1638"]

1. d4 d5 2. g3 Nc6 3. b3 Nf6 4. Bg2 Bf5 5. c3 e6 6. e3 a5 7. Na3 Ne4 8. Nb5 Na7
9. Nxa7 Rxa7 10. f3 Nxc3 11. Qd2 Nb5 12. g4 Bg6 13. Bb2 Bb4 14. Nh3 Bxd2+ 15.
Kxd2 O-O 16. Nf4 b6 17. Nh5 Bxh5 18. gxh5 c5 19. dxc5 bxc5 20. f4 d4 21. exd4
Nxd4 22. Rhg1 Nf3+ 23. Ke2 Nxg1+ 0-1

[Event "Challenge"]
[Site "http://www.queenalice.com/game.php?id=1198626"]
[Date "2013.7.10"]
[Round "-"]
[White "Petrucio"]
[Black "Neele"]
[Result "0-1"]
[WhiteElo "1065"]
[BlackElo "1187"]

1. a4 d5 2. e3 d4 3. Qf3 f6 4. Bc4 c6 5. Qh5+ g6 6. Qh4 g5 7. Qxd4 Qd7 8. h4 b5
9. axb5 cxb5 10. Qd3 bxc4 11. Qe4 gxh4 12. Qxh4 Qc6 13. Nf3 Nd7 14. Qf4 Bg7 15.
b3 cxb3 16. Qg4 Ne5 17. Qxg7 Nxf3+ 18. gxf3 Qxf3 19. Qxh8 Qxh1+ 20. Ke2 Kf8 21.
Ba3 Ba6+ 22. d3 bxc2 23. Bc1 Rb8 24. Nc3 Rb3 25. Kd2 Rb1 26. Kxc2 Qxc1# 0-1

[Event "Let's Play Chess!"]
[Site "http://www.queenalice.com/game.php?id=1209937"]
[Date "2013.8.20"]
[Round "-"]
[White "magalhaes_br"]
[Black "Neele"]
[Result "1-0"]
[WhiteElo "1409"]
[BlackElo "1198"]

1. e4 d5 2. Nc3 dxe4 3. Nxe4 e6 4. Nf3 f6 5. Ng3 c6 6. Bc4 a5 7. a4 h5 8. h4 f5
9. Ne5 Qd4 10. Qe2 Bd6 11. c3 Qc5 12. Nf3 Nf6 13. Ng5 b5 14. Bd3 Rh6 15. Rb1
bxa4 16. Ra1 Ng4 17. Nf1 Nd7 18. f3 Nge5 19. Bc2 Ba6 20. Qf2 Qxf2+ 21. Kd1 Qxg2
22. Bd3 Qxh1 23. Ke2 Bxd3+ 24. Ke3 1-0

[Event "Challenge"]
[Site "http://www.queenalice.com/game.php?id=1210006"]
[Date "2013.8.21"]
[Round "-"]
[White "Petrucio"]
[Black "Neele"]
[Result "0-1"]
[WhiteElo "1048"]
[BlackElo "1256"]

1. Nc3 d5 2. e3 e6 3. h4 f6 4. e4 c6 5. Qh5+ g6 6. Qg4 f5 7. exf5 exf5 8. Qf4 a5
9. Qe5+ Be7 10. Qxh8 Be6 11. Rh3 Bf6 12. Qxh7 Bf7 13. Re3+ Kf8 14. h5 gxh5 15.
Qxf5 Nh6 16. Qf4 Na6 17. Qxh6+ Bg7 18. Qf4 Nb4 19. a4 Nxc2+ 20. Kd1 Nxa1 21. Rf3
Qe7 22. Qxf7+ Qxf7 23. d4 Ke8 24. Be2 Qe7 25. Rf5 Bxd4 26. Bxh5+ Kd8 27. Bg5
Qxg5 28. Rxg5 Bf6 29. Rg8+ Kc7 30. Kc1 Nb3+ 31. Kc2 Nd4+ 32. Kd3 Rxg8 33. f3
Rxg2 34. Nce2 Rh2 35. Nxd4 Rxh5 36. Ke3 c5 37. f4 Bxd4+ 38. Ke2 Bxg1 39. Kf1 Bd4
40. Kg2 Rf5 41. Kg3 Bxb2 42. Kg4 Rf8 43. Kg5 d4 44. Kg6 d3 45. Kh6 Rxf4 46. Kg5
Rf6 47. Kg4 d2 48. Kg5 d1=Q 49. Kh4 Rf4+ 50. Kg5 Bc1 51. Kg6 Qg1+ 52. Kh7 Rh4#
0-1

[Event "Challenge"]
[Site "http://www.queenalice.com/game.php?id=1210007"]
[Date "2013.8.21"]
[Round "-"]
[White "Petrucio"]
[Black "Neele"]
[Result "1-0"]
[WhiteElo "1080"]
[BlackElo "1260"]

1. e3 d5 2. a4 e6 3. d4 c6 4. b4 f6 5. g4 a5 6. b5 cxb5 7. axb5 h5 8. Nc3 Bd7 9.
gxh5 a4 10. h4 Rxh5 11. Qxh5+ Ke7 12. Rxa4 Rxa4 13. Nxa4 Qa5+ 14. c3 Qxa4 15.
Qh8 Kf7 16. Bd2 Qa1+ 17. Ke2 Bxb5+ 18. Kf3 Qxf1 19. Qh5+ Ke7 20. Qg4 Qd1+ 21.
Kg3 Qxd2 22. Rh2 Qe1 23. Nf3 Be2 24. Qh3 Nc6 25. Nxe1 Nh6 26. f4 Bg4 27. Qg2 Kf7
28. Qb2 Nd8 29. Qb4 Bxb4 30. cxb4 Nc6 31. Rc2 Nxb4 32. Rc7+ Kg6 33. Re7 Nc2 34.
Nxc2 e5 35. Nb4 exf4+ 36. Kxf4 Bf5 37. Rxb7 Ng4 38. Rb5 Nf2 39. Rxd5 Nh3+ 40.
Kg3 Ng1 41. Rc5 Be6 42. d5 Bh3 43. Kh2 f5 44. Kxg1 Kh5 45. d6 Kg4 46. Kh2 f4 47.
Rg5+ Kf3 48. Nd5 Be6 49. Ne7 Ke4 50. Rg6 Kxe3 51. Nd5+ Bxd5 52. Rg5 Bc6 53. Rxg7
f3 54. Re7+ Kf4 55. Kg1 Kg3 56. Kf1 1-0

[Event "Challenge"]
[Site "http://www.queenalice.com/game.php?id=1211380"]
[Date "2013.8.25"]
[Round "-"]
[White "BeeHappy"]
[Black "Neele"]
[Result "0-1"]
[WhiteElo "1257"]
[BlackElo "1239"]

1. e4 d5 2. Nc3 d4 3. Nb5 c6 4. Na3 f6 5. d3 Be6 6. Nf3 a5 7. Bf4 h5 8. b3 b5 9.
c4 bxc4 10. dxc4 Na6 11. Nxd4 Bd7 12. Bd3 Nb4 13. Be2 c5 14. Nf3 Ra7 15. O-O Qa8
16. Nc2 Qxe4 17. Nd2 Qxf4 18. g3 Qf5 19. Ne3 Qe6 20. Bf3 a4 21. Bd5 Nxd5 22. Ng2
Nc3 0-1

[Event "AUTO-OPEN-3127"]
[Site "http://www.queenalice.com/game.php?id=1234672"]
[Date "2013.11.23"]
[Round "1"]
[White "Artking"]
[Black "Neele"]
[Result "1-0"]
[WhiteElo "1970"]
[BlackElo "1229"]

1. Nh3 d5 2. g3 e6 3. Bg2 Ne7 4. c4 dxc4 5. Qa4+ Nbc6 6. Nc3 b6 7. Qxc4 a5 8.
Bxc6+ Nxc6 9. O-O Ne5 10. Qa4+ Nd7 11. d4 g6 12. Nf4 Bh6 13. Ne4 c5 14. Nd6+ Ke7
15. dxc5 1-0

[Event "AUTO-OPEN-3127"]
[Site "http://www.queenalice.com/game.php?id=1234673"]
[Date "2013.11.23"]
[Round "1"]
[White "Neele"]
[Black "Artking"]
[Result "0-1"]
[WhiteElo "1227"]
[BlackElo "1972"]

1. d4 Nf6 2. e3 d5 3. Ne2 Bf5 4. c3 Nbd7 5. g3 e5 6. dxe5 Nxe5 7. Nd4 Bg6 8. Ne2
Bc5 9. Nd4 c6 10. a3 a5 11. Bg2 Ne4 12. Bxe4 Bxe4 13. Nd2 Bxh1 14. N2f3 Nxf3+
15. Nxf3 O-O 0-1

[Event "AUTO-INT-2764"]
[Site "http://www.queenalice.com/game.php?id=1234793"]
[Date "2013.11.24"]
[Round "1"]
[White "Neele"]
[Black "daniel0176"]
[Result "0-1"]
[WhiteElo "1264"]
[BlackElo "1748"]

1. d4 d5 2. e3 Nf6 3. Ne2 Nc6 4. a4 e6 5. c3 h6 6. f3 Bd6 7. c4 dxc4 8. b3 O-O
9. bxc4 Re8 10. g3 e5 0-1

[Event "AUTO-INT-2764"]
[Site "http://www.queenalice.com/game.php?id=1234794"]
[Date "2013.11.24"]
[Round "1"]
[White "daniel0176"]
[Black "Neele"]
[Result "1-0"]
[WhiteElo "1750"]
[BlackElo "1262"]

1. e4 d5 2. e5 e6 3. Nf3 Ne7 4. Bd3 a5 5. O-O Nbc6 6. Bb5 f6 7. exf6 gxf6 8.
Bxc6+ Nxc6 9. Nc3 h6 10. Re1 h5 11. d4 1-0